00443 2200181 4500001002100000008004100021035002000062245002300082100001500105260003700120300002000157020002200177084001400199082000800213650001000221990001500231990001500246INLIS000000000003222 ind  a0010-1225000043 aSagarascTere Liye aLiye, Tere aDepok :bPT Sabak Grip Nusantara a384c13,5x20 cm a978-623-9726-25-6 a813 LIY s a813 aFiksi a19680/B/26 a19681/B/26